[Event "CZE-chT2C 2223"]
[Site "Czech Republic"]
[Date "2023.01.08"]
[Round "6.3"]
[White "Jandourek, Lukas"]
[Black "Pors, Jaroslav"]
[Result "1/2-1/2"]
[WhiteElo "2165"]
[BlackElo "2116"]
[PlyCount "120"]
[EventDate "2022.10.16"]
[EventType "team-tourn"]
[EventRounds "11"]
[EventCountry "CZE"]
[SourceTitle "EXT 2024"]
[Source "ChessBase"]
[SourceDate "2023.10.10"]
[SourceVersion "1"]
[SourceVersionDate "2023.10.10"]
[SourceQuality "1"]
[WhiteTeam "Neratovice II"]
[BlackTeam "Turnov Zikuda II"]
[WhiteTeamCountry "CZE"]
[BlackTeamCountry "CZE"]

1. d4 Nf6 2. Bg5 e6 3. Nf3 h6 4. Bxf6 Qxf6 5. e4 g5 6. e5 Qg7 7. h3 h5 8. Nc3 Be7 9. Qd3 Nc6 10. a3 g4 11. Nd2 d6 12. Nb5 Kf8 13. Nxc7 Rb8 14. exd6 Bxd6 15. Nb5 Bf4 16. Nb3 Bd7 17. hxg4 hxg4 18. Rxh8+ Qxh8 19. g3 Bh6 20. Be2 Qg7 21. Rd1 Rd8 22. Nd6 b6 23. c4 Bg5 24. c5 Ke7 25. Bxg4 Rh8 26. Bf3 bxc5 27. Ne4 cxd4 28. Nxd4 Qe5 29. Kf1 Nxd4 30. Qxd4 Qxd4 31. Rxd4 Bc1 32. Rb4 Rc8 33. Rb7 f5 34. Nc3 Bxb2 35. Ne2 Bxa3 36. Rxa7 Bd6 37. Ra8 Rc7 38. g4 Kf6 39. gxf5 exf5 40. Ra6 Ke7 41. Kg2 Rc8 42. Ra7 Bc5 43. Ra6 Rg8+ 44. Kf1 Rb8 45. Ra2 Rb1+ 46. Kg2 Bb5 47. Rc2 Bd6 48. Ra2 Kd8 49. Rc2 Kd7 50. Rd2 Kc7 51. Rc2+ Kb6 52. Nc3 Bf1+ 53. Kg1 Re1 54. Rb2+ Kc5 55. Rb1 Rxb1 56. Nxb1 Bd3 57. Nc3 Be5 58. Ne2 Kc4 59. Kg2 Bb1 60. Ng3 Kc3 1/2-1/2

[Event "CZE-chT1W 2122"]
[Site "Czech Republic"]
[Date "2021.10.31"]
[Round "2.6"]
[White "Pribyl, Josef"]
[Black "Jandourek, Lukas"]
[Result "0-1"]
[WhiteElo "2235"]
[BlackElo "2157"]
[PlyCount "60"]
[EventDate "2021.10.10"]
[EventType "team-tourn"]
[EventRounds "11"]
[EventCountry "CZE"]
[SourceTitle "EXT 2023"]
[Source "ChessBase"]
[SourceDate "2022.10.05"]
[SourceVersion "1"]
[SourceVersionDate "2022.10.05"]
[SourceQuality "1"]
[WhiteTeam "Praha DP EA Hotels"]
[BlackTeam "Neratovice"]
[WhiteTeamCountry "CZE"]
[BlackTeamCountry "CZE"]

1. e4 c6 2. d3 d5 3. Nd2 e5 4. Ngf3 Bd6 5. g3 Ne7 6. Bg2 0-0 7. 0-0 Re8 8. Re1 f6 9. c3 Be6 10. d4 exd4 11. Nxd4 Bf7 12. exd5 Nxd5 13. Rxe8+ Qxe8 14. Ne4 Bf8 15. c4 Nb6 16. b3 Bg6 17. Qg4 f5 18. Nxf5 Qe5 19. Nh4 Qxa1 20. Nxg6 Qxc1+ 21. Bf1 hxg6 22. Qe6+ Kh8 23. f4 Qe3+ 24. Kg2 Be7 25. Qh3+ Kg8 26. Qe6+ Kf8 27. f5 g5 28. c5 N8d7 29. cxb6 Nc5 30. Nxc5 Bxc5 0-1

[Event "CZE-chT2C 1920"]
[Site "Czech Republic"]
[Date "2020.02.09"]
[Round "8.2"]
[White "Fojt, Petr"]
[Black "Jandourek, Lukas"]
[Result "1-0"]
[WhiteElo "2055"]
[BlackElo "2218"]
[PlyCount "83"]
[EventDate "2019.10.13"]
[EventType "team-tourn"]
[EventRounds "11"]
[EventCountry "CZE"]
[SourceTitle "EXT 2024"]
[Source "ChessBase"]
[SourceDate "2023.10.10"]
[SourceVersion "1"]
[SourceVersionDate "2023.10.10"]
[SourceQuality "1"]
[WhiteTeam "Jicin"]
[BlackTeam "Neratovice II"]
[WhiteTeamCountry "CZE"]
[BlackTeamCountry "CZE"]

1. e4 c6 2. c4 d5 3. cxd5 cxd5 4. exd5 Nf6 5. Qa4+ Nbd7 6. Nc3 g6 7. Bc4 a6 8. Nf3 Bg7 9. d3 0-0 10. Qa3 b6 11. 0-0 Bb7 12. Re1 Re8 13. Ng5 Rc8 14. Be3 Ne5 15. Bb3 Nxd3 16. Red1 Nc5 17. d6 e6 18. Na4 Nd5 19. Nxc5 bxc5 20. Bxd5 exd5 21. Qb3 Bc6 22. Rxd5 Bxd5 23. Qxd5 Re5 24. Qxf7+ Kh8 25. Ne6 Qg8 26. Qxg8+ Rxg8 27. Nxc5 Rd5 28. Ne4 Bxb2 29. Rb1 Rc8 30. g3 Rc2 31. Bf4 Kg7 32. Ng5 h6 33. Ne6+ Kf6 34. Nc7 Rd4 35. Re1 Kf5 36. Re5+ Kg4 37. Kg2 g5 38. h3+ Kh5 39. g4+ Kg6 40. Re6+ Kf7 41. Re7+ Kg8 42. Bg3 1-0

[Event "CZE-chT2C 1920"]
[Site "Czech Republic"]
[Date "2020.01.26"]
[Round "7.1"]
[White "Karasek, Lukas"]
[Black "Jandourek, Lukas"]
[Result "1/2-1/2"]
[WhiteElo "2285"]
[BlackElo "2218"]
[PlyCount "50"]
[EventDate "2019.10.13"]
[EventType "team-tourn"]
[EventRounds "11"]
[EventCountry "CZE"]
[SourceTitle "EXT 2024"]
[Source "ChessBase"]
[SourceDate "2023.10.10"]
[SourceVersion "1"]
[SourceVersionDate "2023.10.10"]
[SourceQuality "1"]
[WhiteTeam "Kutna Hora"]
[BlackTeam "Neratovice II"]
[WhiteTeamCountry "CZE"]
[BlackTeamCountry "CZE"]

1. e4 c6 2. d4 d5 3. exd5 cxd5 4. c4 Nf6 5. Nc3 Nc6 6. Bg5 e6 7. Nf3 Be7 8. c5 Ne4 9. Bxe7 Qxe7 10. Rc1 0-0 11. Bb5 Nxc3 12. Rxc3 e5 13. dxe5 d4 14. Nxd4 Rd8 15. Bxc6 bxc6 16. Qa4 Qh4 17. Rc4 Qe4+ 18. Ne2 Qb1+ 19. Nc1 Qxb2 20. 0-0 Qxe5 21. Qxc6 Be6 22. Re4 Qf5 23. Qa4 Qxc5 24. Nb3 Qc2 25. Rfe1 h6 1/2-1/2

[Event "CZE-chT2C 1920"]
[Site "Czech Republic"]
[Date "2019.11.17"]
[Round "3.3"]
[White "Neckar, Lubomir"]
[Black "Jandourek, Lukas"]
[Result "1-0"]
[WhiteElo "2261"]
[BlackElo "2218"]
[PlyCount "57"]
[EventDate "2019.10.13"]
[EventType "team-tourn"]
[EventRounds "11"]
[EventCountry "CZE"]
[SourceTitle "EXT 2024"]
[Source "ChessBase"]
[SourceDate "2023.10.10"]
[SourceVersion "1"]
[SourceVersionDate "2023.10.10"]
[SourceQuality "1"]
[WhiteTeam "Lysa nad Labem Joly III"]
[BlackTeam "Neratovice II"]
[WhiteTeamCountry "CZE"]
[BlackTeamCountry "CZE"]

1. Nf3 d5 2. g3 Nf6 3. Bg2 c6 4. 0-0 h6 5. c4 Nbd7 6. d4 e6 7. Nc3 Be7 8. Qd3 0-0 9. e4 b6 10. cxd5 cxd5 11. exd5 Nxd5 12. Nxd5 exd5 13. Bf4 Nf6 14. Ne5 Bd6 15. Rac1 Bb7 16. Bh3 Ne4 17. Rfe1 Re8 18. Bg2 Rc8 19. f3 Rxc1 20. Rxc1 Nf6 21. g4 Qe7 22. Bg3 Bb8 23. h4 Qb4 24. b3 Rc8 25. Rxc8+ Bxc8 26. Nc6 Qa3 27. Nxb8 Qxa2 28. Nc6 Ba6 29. Qe3 1-0

[Event "CZE-chT2C 1920"]
[Site "Czech Republic"]
[Date "2019.11.03"]
[Round "2.3"]
[White "Jandourek, Lukas"]
[Black "Skypala, Ondrej"]
[Result "1/2-1/2"]
[WhiteElo "2218"]
[BlackElo "2016"]
[PlyCount "54"]
[EventDate "2019.10.13"]
[EventType "team-tourn"]
[EventRounds "11"]
[EventCountry "CZE"]
[SourceTitle "EXT 2024"]
[Source "ChessBase"]
[SourceDate "2023.10.10"]
[SourceVersion "1"]
[SourceVersionDate "2023.10.10"]
[SourceQuality "1"]
[WhiteTeam "Neratovice II"]
[BlackTeam "Kobylisy II"]
[WhiteTeamCountry "CZE"]
[BlackTeamCountry "CZE"]

1. e4 e6 2. d3 b6 3. g3 Bb7 4. Bg2 Be7 5. Qe2 d6 6. f4 Nd7 7. c4 c5 8. Nc3 h5 9. h3 a6 10. Nf3 Qc7 11. Bd2 Bf6 12. g4 hxg4 13. hxg4 Rxh1+ 14. Bxh1 0-0-0 15. Qh2 Ne7 16. e5 dxe5 17. g5 Ng6 18. gxf6 Nxf6 19. 0-0-0 exf4 20. Qe2 Nh5 21. Ne4 Ng3 22. Nxg3 fxg3 23. Kc2 Rh8 24. Bg2 Nf4 25. Bxf4 Qxf4 26. Rf1 Qg4 27. Qe3 f6 1/2-1/2

[Event "Tatry op"]
[Site "Tatranske Zruby"]
[Date "2019.10.01"]
[Round "5"]
[White "Privara, Igor"]
[Black "Jandourek, Lukas"]
[Result "1-0"]
[WhiteElo "2169"]
[BlackElo "2262"]
[PlyCount "93"]
[EventDate "2019.09.28"]
[EventType "swiss"]
[EventRounds "9"]
[EventCountry "SVK"]
[SourceTitle "EXT 2020"]
[Source "ChessBase"]
[SourceDate "2019.10.17"]
[SourceVersion "1"]
[SourceVersionDate "2019.10.17"]
[SourceQuality "1"]

1. e4 c6 2. Nc3 d5 3. Nf3 Bg4 4. h3 Bh5 5. exd5 cxd5 6. g4 Bg6 7. h4 f6 8. d4 Nc6 9. Bb5 Rc8 10. h5 Bf7 11. Qe2 a6 12. Bxc6+ Rxc6 13. Be3 Qc8 14. 0-0-0 Qxg4 15. Rdg1 Qc8 16. Kb1 e6 17. Nh4 Kd7 18. Bf4 Rc4 19. Nf3 Ne7 20. Nd2 Rc6 21. Nb3 b6 22. a4 Nf5 23. Qd3 Kd8 24. Na2 Rc4 25. a5 b5 26. Nc3 Rg8 27. Nd1 h6 28. Ne3 Nxe3 29. fxe3 f5 30. Rg2 Ke8 31. Qe2 Be7 32. Rhg1 Kf8 33. Rxg7 Rxg7 34. Bxh6 Bf6 35. Qg2 Ke7 36. Bxg7 Bxg7 37. Qxg7 Rxc2 38. Nc5 Rh2 39. h6 Qd8 40. b4 Qf8 41. Qe5 Qxh6 42. Qc7+ Ke8 43. Qd7+ Kf8 44. Qd8+ Be8 45. Nd7+ Kf7 46. Ne5+ Kf8 47. Qd6# 1-0

[Event "Tatry op"]
[Site "Tatranske Zruby"]
[Date "2019.09.29"]
[Round "2"]
[White "Jandourek, Lukas"]
[Black "Nemcova, Karin"]
[Result "1/2-1/2"]
[WhiteElo "2262"]
[BlackElo "1996"]
[PlyCount "45"]
[EventDate "2019.09.28"]
[EventType "swiss"]
[EventRounds "9"]
[EventCountry "SVK"]
[SourceTitle "EXT 2020"]
[Source "ChessBase"]
[SourceDate "2019.10.17"]
[SourceVersion "1"]
[SourceVersionDate "2019.10.17"]
[SourceQuality "1"]

1. e4 d5 2. exd5 Qxd5 3. Nc3 Qd6 4. Nf3 Nf6 5. Bc4 a6 6. a4 Nc6 7. h3 Bf5 8. d3 h6 9. Qe2 e5 10. 0-0 Be7 11. Re1 Nd7 12. g4 Bg6 13. Ne4 Bxe4 14. Qxe4 0-0 15. Qd5 Nb4 16. Qxd6 cxd6 17. Re2 Rac8 18. c3 d5 19. Bb3 Nc5 20. Bd1 Nbxd3 21. Nxe5 Bf6 22. Nxd3 Nxd3 23. Bc2 1/2-1/2

[Event "CZE-chT2C 1819"]
[Site "Czech Republic"]
[Date "2019.01.13"]
[Round "6.4"]
[White "Jandourek, Lukas"]
[Black "Hejda, Antonin"]
[Result "1/2-1/2"]
[WhiteElo "2230"]
[BlackElo "1941"]
[PlyCount "87"]
[EventDate "2018.10.14"]
[EventType "team-tourn"]
[EventRounds "11"]
[EventCountry "CZE"]
[SourceTitle "EXT 2022"]
[Source "ChessBase"]
[SourceDate "2021.10.06"]
[SourceVersion "1"]
[SourceVersionDate "2021.10.06"]
[SourceQuality "1"]
[WhiteTeam "Neratovice II"]
[BlackTeam "Lysa nad Labem IV"]
[WhiteTeamCountry "CZE"]
[BlackTeamCountry "CZE"]

1. d4 d5 2. c4 Nf6 3. Nc3 c6 4. Nf3 Bf5 5. Qb3 b6 6. cxd5 Nxd5 7. g3 Nxc3 8. bxc3 Be4 9. Bg2 e6 10. 0-0 Bd6 11. Ba3 0-0 12. Rfd1 Qe7 13. Bxd6 Qxd6 14. c4 c5 15. Qe3 Bc6 16. dxc5 Qxc5 17. Qxc5 bxc5 18. Ne5 Bxg2 19. Kxg2 f6 20. Nd7 Nxd7 21. Rxd7 Rf7 22. Rd6 e5 23. Rc6 Rb8 24. Rxc5 Rb2 25. Kf3 Rd7 26. Rd5 Rc7 27. Ra5 Rc2 28. Rb1 R2xc4 29. Rb8+ Kf7 30. Ra8 Rc3+ 31. e3 Kg6 32. R5xa7 Rxa7 33. Rxa7 Rc2 34. g4 Rc4 35. Kg3 Rc1 36. h3 h5 37. a4 hxg4 38. hxg4 Ra1 39. a5 Ra3 40. Kf3 Ra4 41. a6 Kh6 42. Ra8 Kg5 43. Ra7 g6 44. Rg7 1/2-1/2

[Event "CZE-chT2C 1819"]
[Site "Czech Republic"]
[Date "2018.11.18"]
[Round "3.4"]
[White "Jandourek, Lukas"]
[Black "Vitak, Jiri"]
[Result "1-0"]
[WhiteElo "2230"]
[BlackElo "2064"]
[PlyCount "71"]
[EventDate "2018.10.14"]
[EventType "team-tourn"]
[EventRounds "11"]
[EventCountry "CZE"]
[SourceTitle "EXT 2022"]
[Source "ChessBase"]
[SourceDate "2021.10.06"]
[SourceVersion "1"]
[SourceVersionDate "2021.10.06"]
[SourceQuality "1"]
[WhiteTeam "Neratovice II"]
[BlackTeam "Liberec Desko"]
[WhiteTeamCountry "CZE"]
[BlackTeamCountry "CZE"]

1. e4 c5 2. f4 Nc6 3. Nf3 g6 4. Bb5 Bg7 5. Bxc6 dxc6 6. d3 Bg4 7. h3 Bxf3 8. Qxf3 e6 9. Qe2 Qa5+ 10. Nd2 Ne7 11. 0-0 0-0 12. Nf3 b5 13. g4 Rfe8 14. e5 Rad8 15. c4 Rd7 16. Be3 Nc8 17. b3 Red8 18. Rfd1 Nb6 19. Rd2 Na8 20. Rad1 Bf8 21. Ng5 Be7 22. Ne4 b4 23. Qf2 Nc7 24. Bxc5 Ne8 25. Bxe7 Rxe7 26. Qh4 Red7 27. d4 Kg7 28. Kg2 Qb6 29. Qf2 f5 30. Nc5 Re7 31. gxf5 gxf5 32. Kh2 Kh8 33. Qh4 Qc7 34. Rg1 Ng7 35. Qf6 Rg8 36. Rdg2 1-0

[Event "CZE-chT1W 1819"]
[Site "Czech Republic"]
[Date "2018.11.11"]
[Round "2.7"]
[White "Jandourek, Lukas"]
[Black "Folk, Petr"]
[Result "0-1"]
[WhiteElo "2230"]
[BlackElo "2167"]
[PlyCount "56"]
[EventDate "2018.10.21"]
[EventType "team-tourn"]
[EventRounds "11"]
[EventCountry "CZE"]
[SourceTitle "CBM 187 Extra"]
[Source "ChessBase"]
[SourceDate "2018.11.04"]
[SourceVersion "1"]
[SourceVersionDate "2018.11.04"]
[SourceQuality "1"]
[WhiteTeam "Neratovice"]
[BlackTeam "Kozolupy"]
[WhiteTeamCountry "CZE"]
[BlackTeamCountry "CZE"]

1. d4 Nf6 2. Nf3 g6 3. c4 Bg7 4. Nc3 0-0 5. e4 d6 6. Be2 e5 7. dxe5 dxe5 8. Be3 c6 9. h3 Qe7 10. Qc2 Nbd7 11. 0-0-0 Nc5 12. Nd2 Be6 13. g4 Rfc8 14. f3 b5 15. a3 a5 16. cxb5 cxb5 17. Bxb5 Rab8 18. a4 Qc7 19. Kb1 Bf8 20. Rc1 Qb7 21. Qd1 Nfd7 22. Qe2 Nb6 23. Rhd1 Nbxa4 24. Nxa4 Nxa4 25. Rxc8 Bxc8 26. Nb3 Qxb5 27. Qxb5 Rxb5 28. Rd8 Kg7 0-1

[Event "CZE-chT2B 1718"]
[Site "Czech Republic"]
[Date "2018.01.14"]
[Round "6.2"]
[White "Jandourek, Lukas"]
[Black "Brejnik, Gustav"]
[Result "1/2-1/2"]
[WhiteElo "2246"]
[BlackElo "2050"]
[PlyCount "43"]
[EventDate "2017.10.15"]
[EventType "team-tourn"]
[EventRounds "11"]
[EventCountry "CZE"]
[SourceTitle "EXT 2022"]
[Source "ChessBase"]
[SourceDate "2021.10.06"]
[SourceVersion "1"]
[SourceVersionDate "2021.10.06"]
[SourceQuality "1"]
[WhiteTeam "Neratovice III"]
[BlackTeam "Litomerice"]
[WhiteTeamCountry "CZE"]
[BlackTeamCountry "CZE"]

1. e4 c6 2. d4 d5 3. exd5 cxd5 4. Bd3 Nc6 5. c3 Qc7 6. Ne2 Bg4 7. f3 Bd7 8. Bf4 e5 9. Bg3 Nf6 10. Bb5 Bd6 11. Bxc6 bxc6 12. Bxe5 Bxe5 13. dxe5 Qxe5 14. Qd4 Qe7 15. Kf2 c5 16. Qe3 Qxe3+ 17. Kxe3 Rb8 18. b3 0-0 19. Nd2 Rfe8+ 20. Kf2 Bf5 21. Rhe1 h6 22. Ng3 1/2-1/2

[Event "CZE-chT1W 1718"]
[Site "Czech Republic"]
[Date "2017.12.10"]
[Round "4.3"]
[White "Jandourek, Lukas"]
[Black "Skrivanek, Jan"]
[Result "0-1"]
[WhiteElo "2254"]
[BlackElo "2160"]
[PlyCount "52"]
[EventDate "2017.10.29"]
[EventType "team-tourn"]
[EventRounds "11"]
[EventCountry "CZE"]
[SourceTitle "EXT 2019"]
[Source "ChessBase"]
[SourceDate "2018.10.10"]
[SourceVersion "1"]
[SourceVersionDate "2018.10.10"]
[SourceQuality "1"]
[WhiteTeam "Neratovice"]
[BlackTeam "Praha DP Tarok"]
[WhiteTeamCountry "CZE"]
[BlackTeamCountry "CZE"]

1. d4 Nf6 2. Nf3 g6 3. c4 Bg7 4. Nc3 0-0 5. e4 c5 6. d5 e6 7. h3 exd5 8. exd5 a6 9. a4 d6 10. Be2 Bf5 11. Qb3 Ne4 12. Nxe4 Bxe4 13. 0-0 Nd7 14. Nd2 Re8 15. Bg4 f5 16. Bd1 Bd4 17. Kh1 Ne5 18. Nxe4 fxe4 19. Bc2 Qh4 20. Kg1 Rf8 21. Be3 Rf3 22. Bd1 Bxe3 23. Bxf3 Nxf3+ 24. Kh1 Qf4 25. g3 Qf5 26. Kg2 Bd4 0-1

[Event "CZE-chT2B 1718"]
[Site "Czech Republic"]
[Date "2017.10.15"]
[Round "1.3"]
[White "Formanek, Martin"]
[Black "Jandourek, Lukas"]
[Result "1/2-1/2"]
[WhiteElo "2280"]
[BlackElo "2246"]
[PlyCount "156"]
[EventDate "2017.10.15"]
[EventType "team-tourn"]
[EventRounds "11"]
[EventCountry "CZE"]
[SourceTitle "EXT 2022"]
[Source "ChessBase"]
[SourceDate "2021.10.06"]
[SourceVersion "1"]
[SourceVersionDate "2021.10.06"]
[SourceQuality "1"]
[WhiteTeam "Kobylisy"]
[BlackTeam "Neratovice III"]
[WhiteTeamCountry "CZE"]
[BlackTeamCountry "CZE"]

1. Nf3 d5 2. g3 Nf6 3. Bg2 c6 4. 0-0 Bf5 5. d3 h6 6. c4 e6 7. Qb3 Qb6 8. Be3 Qxb3 9. axb3 a6 10. Nc3 Nbd7 11. Na4 Bd6 12. Rfc1 Ke7 13. Bd2 Bh7 14. b4 e5 15. cxd5 Nxd5 16. Nc5 Rab8 17. e4 Nc7 18. d4 Bxc5 19. bxc5 Bxe4 20. dxe5 Ne6 21. Bc3 Rhd8 22. b4 Ndf8 23. Nh4 Bh7 24. Rd1 Bc2 25. Rd6 Nc7 26. Rc1 Bh7 27. f4 Nb5 28. Bb2 Ne6 29. f5 Ned4 30. Rf1 Kf8 31. Bxd4 Nxd4 32. g4 Nb5 33. Rfd1 Re8 34. Nf3 g6 35. Rf6 Re7 36. e6 gxf5 37. gxf5 Kg7 38. Rxf7+ Rxf7 39. exf7 Bxf5 40. Ne5 Rf8 41. Rf1 Be6 42. Rf4 Nc3 43. Rf3 Nd5 44. Rg3+ Kf6 45. Bxd5 cxd5 46. Re3 Rc8 47. Rf3+ Kg7 48. Kf2 Rf8 49. Ke3 Bxf7 50. Kd4 Be6 51. Rxf8 Kxf8 52. Ng6+ Kf7 53. Nf4 Kf6 54. Nxd5+ Kf5 55. Ne7+ Kf4 56. Ng6+ Kf5 57. Ne7+ Kf4 58. Ng6+ Kf3 59. Ke5 Bg4 60. Nh4+ Ke3 61. Kd6 Kd4 62. Kc7 Kc4 63. Kxb7 Kxb4 64. Kxa6 Kxc5 65. Kb7 Kd6 66. Kb6 Ke5 67. Kc5 Be2 68. Ng2 h5 69. Nh4 Bd3 70. Nf3+ Ke4 71. Ng5+ Kf4 72. Kd4 Bb1 73. h4 Bf5 74. Nf7 Be6 75. Ng5 Bg4 76. Nh7 Kg3 77. Nf6 Kxh4 78. Nxh5 Kxh5 1/2-1/2

[Event "CZE-chT1W 1516"]
[Site "Czech Republic"]
[Date "2016.01.31"]
[Round "7.4"]
[White "Kopta, Pavel"]
[Black "Jandourek, Lukas"]
[Result "1/2-1/2"]
[WhiteElo "2269"]
[BlackElo "2192"]
[PlyCount "113"]
[EventDate "2015.10.11"]
[EventType "team-tourn"]
[EventRounds "11"]
[EventCountry "CZE"]
[SourceTitle "CBM 170 Extra"]
[Source "ChessBase"]
[SourceDate "2016.02.25"]
[SourceVersion "1"]
[SourceVersionDate "2016.02.25"]
[SourceQuality "1"]
[WhiteTeam "Praha Kobylisy"]
[BlackTeam "Neratovice"]
[WhiteTeamCountry "CZE"]
[BlackTeamCountry "CZE"]

1. d4 d5 2. c4 c6 3. Nf3 Nf6 4. Nc3 a6 5. c5 Bf5 6. Qb3 Ra7 7. Bf4 Nbd7 8. e3 h6 9. Be2 e6 10. 0-0 Be7 11. Ne5 0-0 12. Na4 Re8 13. Rac1 Nxe5 14. Bxe5 Nd7 15. Bg3 Bf6 16. Rfd1 e5 17. dxe5 Bxe5 18. Bxe5 Rxe5 19. Rd4 Qc7 20. Nb6 Qd8 21. Nxd7 Qxd7 22. Rcd1 Ra8 23. Rb4 Re7 24. Bf3 Qc7 25. Rdd4 Rd8 26. Rb6 Bc8 27. Qd1 Qe5 28. h3 Rde8 29. Bg4 Qc7 30. Rdb4 Re4 31. Bxc8 Rxb4 32. Rxb4 Qxc8 33. Qb3 Re7 34. Qc3 Qf5 35. Rg4 f6 36. a3 Re4 37. Rxe4 Qxe4 38. Qb3 Qe7 39. Qb4 h5 40. h4 Kf7 41. Kf1 Ke8 42. Ke2 g6 43. Kd3 Kf7 44. f3 f5 45. Qd4 Kg8 46. b4 Kh7 47. Qf4 a5 48. g3 axb4 49. axb4 Kg7 50. Qb8 Qd7 51. Qe5+ Kh7 52. Qf6 Qc7 53. g4 Qd7 54. Kd4 Qe8 55. Qe5 Qd8 56. Kc3 Qd7 57. Kb3 1/2-1/2

[Event "CZE-chT1W 1516"]
[Site "Czech Republic"]
[Date "2015.11.15"]
[Round "3.4"]
[White "Jandourek, Lukas"]
[Black "Londyn, Radek"]
[Result "0-1"]
[WhiteElo "2192"]
[BlackElo "2380"]
[PlyCount "74"]
[EventDate "2015.10.11"]
[EventType "team-tourn"]
[EventRounds "11"]
[EventCountry "CZE"]
[SourceTitle "CBM 169 Extra"]
[Source "ChessBase"]
[SourceDate "2015.12.18"]
[SourceVersion "1"]
[SourceVersionDate "2015.12.18"]
[SourceQuality "1"]
[WhiteTeam "Neratovice"]
[BlackTeam "Praha Vysehrad"]
[WhiteTeamCountry "CZE"]
[BlackTeamCountry "CZE"]

1. e4 e5 2. Bc4 Nc6 3. d3 Nf6 4. Nf3 Bc5 5. 0-0 0-0 6. Re1 Ng4 7. Re2 Kh8 8. h3 f5 9. c3 fxe4 10. dxe4 Rxf3 11. hxg4 Rg3 12. g5 d6 13. b4 Bb6 14. Rc2 Rg4 15. Bd3 Be6 16. Na3 Qg8 17. Nc4 Qf7 18. Nxb6 axb6 19. g3 Qh5 20. Be2 Ne7 21. Bf3 Ng6 22. Bg2 Nh4 23. Qf1 Nxg2 24. Qxg2 Rxe4 25. Qxe4 Qd1+ 26. Kh2 Bd5 27. Rd2 Qxd2 28. Bxd2 Bxe4 29. a4 Kg8 30. Be3 Kf7 31. g4 Ke6 32. Kg3 Kd5 33. f3 Bc2 34. a5 bxa5 35. bxa5 Kc4 36. Ra3 Ra6 37. Kf2 b6 0-1

[Event "CZE-chT2B 1415"]
[Site "Czech Republic"]
[Date "2015.02.08"]
[Round "7.3"]
[White "Jandourek, Lukas"]
[Black "Forman, Stepan"]
[Result "1/2-1/2"]
[WhiteElo "2228"]
[BlackElo "2272"]
[PlyCount "81"]
[EventDate "2014.11.02"]
[EventType "team-tourn"]
[EventRounds "11"]
[EventCountry "CZE"]
[SourceTitle "EXT 2022"]
[Source "ChessBase"]
[SourceDate "2021.10.06"]
[SourceVersion "1"]
[SourceVersionDate "2021.10.06"]
[SourceQuality "1"]
[WhiteTeam "Neratovice"]
[BlackTeam "Jicin III"]
[WhiteTeamCountry "CZE"]
[BlackTeamCountry "CZE"]

1. d4 f5 2. c4 Nf6 3. Nc3 g6 4. g3 Bg7 5. Bg2 d6 6. Nf3 0-0 7. 0-0 c6 8. Re1 Na6 9. b3 Rb8 10. Bb2 Bd7 11. e3 b5 12. Bf1 Nc7 13. Qc2 h6 14. Nh4 b4 15. Nb1 Qe8 16. f4 e6 17. Nf3 g5 18. c5 g4 19. Nh4 d5 20. a3 bxa3 21. Rxa3 Rb7 22. Nc3 Kf7 23. Rea1 Qb8 24. Bc1 Ne4 25. Bd2 Nxc3 26. Bxc3 Bc8 27. b4 Bf6 28. Ng2 Kg7 29. Qa2 Rf7 30. Ra4 Nb5 31. Qb2 h5 32. Be1 Rbc7 33. R1a2 Kg6 34. Ra5 a6 35. Bxb5 cxb5 36. Qa1 Rc6 37. R5a3 Bb7 38. Bf2 Qh8 39. Kf1 Bd8 40. Ne1 Bc7 41. Ng2 1/2-1/2

[Event "Rakovnik Regional-chT 1415"]
[Site "Rakovnik"]
[Date "2015.01.04"]
[Round "5.2"]
[White "Jandourek, Lukas"]
[Black "Cap, Adam"]
[Result "1/2-1/2"]
[WhiteElo "2228"]
[BlackElo "2113"]
[PlyCount "83"]
[EventDate "2014.10.19"]
[EventType "team-tourn"]
[EventRounds "11"]
[EventCountry "CZE"]
[SourceTitle "EXT 2016"]
[Source "ChessBase"]
[SourceDate "2015.10.08"]
[SourceVersion "1"]
[SourceVersionDate "2015.10.08"]
[SourceQuality "1"]
[WhiteTeam "Neratovice II"]
[BlackTeam "Rakovnik"]
[WhiteTeamCountry "CZE"]
[BlackTeamCountry "CZE"]

1. d4 Nf6 2. Bg5 Ne4 3. Bh4 d5 4. f3 Nd6 5. e3 Bf5 6. Bd3 c6 7. Ne2 Nd7 8. Bg3 e6 9. Nbc3 Bxd3 10. Qxd3 Nf5 11. Bf2 Bd6 12. e4 Nh4 13. 0-0 Qg5 14. g3 Ng6 15. Be3 Qh5 16. Kg2 0-0 17. Qd2 f5 18. e5 Bb4 19. a3 Ba5 20. h3 Bd8 21. Na2 c5 22. c3 Rc8 23. b3 Ne7 24. Bg5 Qf7 25. Nac1 Bb6 26. Be3 Nc6 27. b4 c4 28. f4 a5 29. b5 Na7 30. a4 Bd8 31. Ng1 Nb6 32. Nce2 Kh8 33. Nf3 Rg8 34. Neg1 Rc7 35. Qc2 h6 36. h4 Nac8 37. Nh3 g6 38. Rh1 Qf8 39. Ra2 Rh7 40. Bc1 Be7 41. Nf2 Nd7 42. Nh3 1/2-1/2

[Event "CZE-chT2B 1213"]
[Site "Czech Republic"]
[Date "2013.03.24"]
[Round "11.3"]
[White "Jandourek, Lukas"]
[Black "Pokorny, Petr"]
[Result "1-0"]
[WhiteElo "2217"]
[BlackElo "2211"]
[PlyCount "113"]
[EventDate "2012.10.14"]
[EventType "team-tourn"]
[EventRounds "11"]
[EventCountry "CZE"]
[SourceTitle "EXT 2015"]
[Source "ChessBase"]
[SourceDate "2014.11.20"]
[SourceVersion "1"]
[SourceVersionDate "2014.11.20"]
[SourceQuality "1"]
[WhiteTeam "Neratovice"]
[BlackTeam "Postovni sporitelna II"]
[WhiteTeamCountry "CZE"]
[BlackTeamCountry "CZE"]

1. e4 e5 2. Bc4 Nf6 3. d3 c6 4. Nf3 Be7 5. 0-0 Qc7 6. Bg5 0-0 7. c3 d6 8. Re1 Bg4 9. h3 Bh5 10. Nbd2 Nbd7 11. b4 Rfe8 12. Bb3 d5 13. g4 Bg6 14. Nh4 Nxe4 15. Nxe4 dxe4 16. Bxe7 Rxe7 17. Nxg6 hxg6 18. dxe4 Rd8 19. Qe2 Nf8 20. Red1 Red7 21. Rxd7 Rxd7 22. Rd1 Qd8 23. Rxd7 Qxd7 24. Qe3 b6 25. Kg2 Qe7 26. g5 Qd6 27. Qf3 Ne6 28. Bxe6 Qxe6 29. Qe2 Qd7 30. h4 b5 31. Kg3 a5 32. bxa5 Qa7 33. Qg4 Qb7 34. Qd1 Kh7 35. Qd6 Qa8 36. Qc7 c5 37. f3 b4 38. cxb4 cxb4 39. Qxf7 Qxa5 40. h5 gxh5 41. Qxh5+ Kg8 42. g6 Qxa2 43. Qxe5 Kf8 44. Qd6+ Ke8 45. Qb8+ Ke7 46. Qxb4+ Kf6 47. Qd6+ Kg5 48. Qd5+ Qxd5 49. exd5 Kf5 50. f4 Kxg6 51. Kf3 Kf5 52. Ke3 g5 53. fxg5 Kxg5 54. Kd4 Kf6 55. Kc5 Ke7 56. Kc6 Kd8 57. Kd6 1-0